000 00910nam a2200229Ia 4500
001 9635
003 GE_BSU
008 181216s||||||||xx |||||||||||||| ||und||
040 _cGE_BSU
080 _a821.353.1–32
100 _aმიზანდარი,ვალერიან
245 _aუკვდავი კაცი
245 _bნოველები მოთხრობები
245 _cწინათქმის ავტ. ზ.კუხიანიძე.რედ. ზურაბ კუხიანიძე. მხატვ. ოთარ ქანდარია
260 _aქუთაისი
260 _bსაბჭოთა საქართველო
260 _c1983
300 _a253გვ.პორტრ.17სმ.
653 _aნოველები მოთხრობები
653 _aუკვდავი კაცი
942 _cBK
999 _c42919
_d42919